01068cam a2200241 a 4500999001500000001000600015003000900021005001700030008004100047040003300088082002600121100002000147245018400167250001300351260006200364300003100426650001500457650001600472650004500488942001200533952013900545952014200684 c1106d110614302BD-DhUAP20201230151613.0200202r20092007ii 000 0 eng d aDLCcBD-DhUAPdBD-DhUAPbEng 223a349.540899143 AGA1 aAgarwala, R. K.10aHindu law :b(codifies and uncodified), as amended by [Hindu succession (amendment) act, 2005] and [prohibition of child marriage act, 2006 (act no. 6 of 2007)] /cR. K. Agarwala. a22nd ed. aAllahabad :bCentral Law agency,cc2007 [Reprinted 2009]. axxxix, 452 pages ;c24 cm. 0aHindu law. 0aLawzIndia. 0aHindusxLegal status, laws, etc.zIndia. 2ddccBK 00102ddc4070aUAPCLbUAPCLcGeneral Stacksd2020-02-02l3o349.540899143 AGAp3010014302r2025-07-28s2025-07-13t1w2020-02-02yBK 00102ddc4070aUAPCLbUAPCLcGeneral Stacksd2020-02-02l4m1o349.540899143 AGAp3010014303r2025-07-22s2025-07-13t2w2020-02-02yBK